| 000 | 00369cam a22001217a 4500 | ||
|---|---|---|---|
| 008 | 180718b1970 xxu||||| |||| 00| 0 eng d | ||
| 082 | _aA6x54113 Si64 | ||
| 100 | _aSinha, Kamaleshwar | ||
| 245 |
_aMeghalaya: triumph of the tribal genius. _cby Kamaleshwar Sinha |
||
| 260 |
_aDelhi _bPublication Divison (I.S.S.D.) _c1970 |
||
| 300 | _a328p | ||
| 650 | _aMeghalaya (India). | ||
| 999 |
_c412428 _d412428 |
||